| 000 | 00544nam a2200169 4500 | ||
|---|---|---|---|
| 008 | 021108s1981 us 0 eng | ||
| 020 | _a0801099161 | ||
| 090 | 0 |
_aBS621 _bYa1s |
|
| 100 | 1 | _aYamauchi, Edwin M. | |
| 245 | 1 | 0 |
_aThe stones and the Scriptures : _ban introduction to biblical archaeology / _cEdwin M. Yamauchi. |
| 260 |
_aMichigan : _bBaker, _cc1981. |
||
| 300 |
_a212 p. : _bills. |
||
| 504 | _aBiblio: pp. 208-211 | ||
| 650 | 4 |
_aBible _xArchaeology. |
|
| 950 | 0 | _5.95 | |
| 951 |
_p8980 _oBS621/Ya1s _j070613111204125 _d2000-12-21 _cGC |
||
| 999 |
_c13830 _d13830 |
||